00512nam a2200169Ia 450000500170000000800410001702000150005808200150007310000140008824500440010226000480014630000170019465000150021194200060022695200970023299900130032920240628015047.0240331s9999 xx 000 0 und d a0521564093 a128.2bNEL aNelkin, N 0aConsciousness and theorigins of thought aCambridgebCambridge University pressc1996 axv, 341 p ., aphilosophy cL 001040708LaWERCLbWERCLcSSCd2024-03-31l0o 128.2 NELp2274r2024-03-31w2024-03-31yL c718d718